Pokémon de type Ténèbres - Mort Subite - Statistiques

Statistiques générales
  • Ce quiz a été pris 248 fois
    27 depuis la dernière actualisation
  • Le résultat moyen est 12 sur 20
Answers on the Grid
Answers color-coded by a green-red scale on the quiz's grid according to % correct below.
Zoroark
Noctali
Darkrai
Goupilou
Dogrino
Scalpion
Engloutyran
Colhomard
Amphinobi
Fourbelin
Malosse
Félinferno
Baojian
Pifeuil
Zarude
Moufflair
Sepiatroce
Tyranocif
Escroco
Vostourno
Cacnea
Xerneas
Seviper
Branette
Zéblitz
Tritox
Câblifère
Necrozma
Zapétrel
Fortusimia
Racaillou
Rémoraid
Galeking
Chaglam
Trousselin
Farfurex
 
Statistiques - réponses
Réponse % Correct
Darkrai
70%
Malosse
70%
Zoroark
70%
Escroco
65%
Félinferno
65%
Moufflair
65%
Tyranocif
65%
Amphinobi
60%
Engloutyran
60%
Noctali
60%
Pifeuil
60%
Baojian
55%
Colhomard
55%
Dogrino
55%
Goupilou
55%
Fourbelin
50%
Sepiatroce
50%
Zarude
50%
Scalpion
45%
Vostourno
45%
Aucun quiz correspondant
Distribution des résultats
% des personnes avec chaque résultat
Percentile par nombre de réponses
Votre historique - résultats
Vous n’avez pas pris ce quiz depuis la dernière actualisation